00538nam a2200169Ia 450000500170000000800410001708200220005824500640008026000430014430000160018765000100020365000140021370000220022794200060024995200980025599900150035320250108020214.0240331s9999 xx 000 0 und d bHET21752a305.23 0aUnrest or RevoltbSome aspects of Youth Unrest in Sri Lanka aColombobGoethe-Institut-Colomboc1992 aii, 128 p., aYouth aSociology aHettige, S Teedt cL 001040708LaWERCLbWERCLcSSCd2024-03-31l0o 305.23 UNRp1752r2024-03-31w2024-03-31yL c1546d1546